000
00340nam a2200145Ia 4500
008
150201s2008 xx 000 0 und d
082
_a
617.71
_b
O08S
100
_a
SHARMA,PRADEEP
245
_a
ESSENTIALS OF OPHTHALMOLOGY
250
_a
1ST
260
_b
CBS
_a
DELHI
_c
2008
300
_a
1-399
650
_a
OPHTHALMOLOGY
942
_2
ddc
_c
BK
_0
4
999
_c
349
_d
349